[Event "Eindhoven WLC op 13th"]
[Site "Eindhoven"]
[Date "2023.05.06"]
[Round "4"]
[White "Bhattacharjee, Sourav"]
[Black "Faber, Frits D"]
[Result "1/2-1/2"]
[WhiteElo "2192"]
[BlackElo "1997"]
[PlyCount "53"]
[EventDate "2023.05.05"]
[EventType "swiss"]
[EventRounds "6"]
[EventCountry "NED"]
[SourceTitle "CBM 214 Extra"]
[Source "ChessBase"]
[SourceDate "2023.07.31"]
[SourceVersion "1"]
[SourceVersionDate "2023.07.31"]
[SourceQuality "1"]

1. e4 e6 2. d3 d5 3. Nd2 Nf6 4. g3 c5 5. Bg2 Nc6 6. Ngf3 Be7 7. 0-0 Qc7 8. Re1 b6 9. e5 Nd7 10. Qe2 g5 11. h3 h5 12. Nb3 g4 13. hxg4 hxg4 14. Nh2 Qxe5 15. Nxg4 Qxe2 16. Rxe2 Bb7 17. Bf4 0-0-0 18. c3 Nf6 19. Ne5 Nxe5 20. Bxe5 Rh7 21. d4 Ba6 22. Ree1 Ne4 23. Bf4 Rdh8 24. Nd2 Nxd2 25. Bxd2 Bd6 26. Bg5 Rg8 27. Bf6 1/2-1/2

[Event "Eindhoven WLC op 13th"]
[Site "Eindhoven"]
[Date "2023.05.06"]
[Round "3"]
[White "Borvander, Tom"]
[Black "Bhattacharjee, Sourav"]
[Result "1-0"]
[WhiteElo "2027"]
[BlackElo "2192"]
[PlyCount "61"]
[EventDate "2023.05.05"]
[EventType "swiss"]
[EventRounds "6"]
[EventCountry "NED"]
[SourceTitle "CBM 214 Extra"]
[Source "ChessBase"]
[SourceDate "2023.07.31"]
[SourceVersion "1"]
[SourceVersionDate "2023.07.31"]
[SourceQuality "1"]

1. e4 c5 2. Nf3 d6 3. d4 cxd4 4. Nxd4 Nf6 5. Nc3 a6 6. Be2 e5 7. Nb3 Be7 8. 0-0 0-0 9. Be3 Be6 10. Bf3 b5 11. Qd2 Nbd7 12. h3 Qc7 13. Rfd1 Rac8 14. Rac1 Nb6 15. Bxb6 Qxb6 16. Qe1 b4 17. Nd5 Nxd5 18. exd5 Bd7 19. Nd4 Bg5 20. Nc6 Bxc6 21. dxc6 Bxc1 22. Rxc1 a5 23. Qe4 Rfd8 24. Rd1 Qc5 25. g4 d5 26. Rxd5 Qxd5 27. Qxd5 Rxd5 28. Bxd5 Kf8 29. Kf1 f6 30. Ke2 Rd8 31. Be6 1-0

[Event "Dieren op"]
[Site "Dieren"]
[Date "2016.08.04"]
[Round "9"]
[White "Bhattacharjee, Sourav"]
[Black "Schippers, Maurice"]
[Result "1/2-1/2"]
[WhiteElo "2065"]
[BlackElo "2220"]
[PlyCount "154"]
[EventDate "2016.07.26"]
[EventType "swiss"]
[EventRounds "9"]
[EventCountry "NED"]
[SourceTitle "CBM 173 Extra"]
[Source "ChessBase"]
[SourceDate "2016.08.29"]
[SourceVersion "1"]
[SourceVersionDate "2016.08.29"]
[SourceQuality "1"]

1. e4 d5 2. exd5 Qxd5 3. Nc3 Qd6 4. d4 c6 5. Nf3 Nf6 6. Ne5 Nbd7 7. Nc4 Qc7 8. Qf3 Nb6 9. Bf4 Qd7 10. Be5 Qf5 11. Qd1 Nxc4 12. Bxc4 Qg6 13. 0-0 Bh3 14. Bg3 Bg4 15. f3 Bd7 16. d5 Nxd5 17. Bxd5 cxd5 18. Nxd5 Rc8 19. c3 Qc6 20. Nb4 Qc5+ 21. Bf2 Qa5 22. Qd4 e5 23. Rfe1 f6 24. Qxa7 Bxb4 25. cxb4 Qxb4 26. a3 Qb3 27. Rad1 Bc6 28. Qc5 Kf7 29. Qb6 Qxb6 30. Bxb6 g5 31. Rd6 Ra8 32. Red1 Rhe8 33. Rd8 Rexd8 34. Rxd8 Ra4 35. Bc5 Rc4 36. Bb4 h5 37. Bc3 g4 38. fxg4 hxg4 39. Rd1 Ke6 40. Kf2 Bd5 41. Re1 Rc7 42. Kg3 Kf5 43. Rf1+ Ke6 44. Re1 Rh7 45. a4 Rc7 46. a5 Rc4 47. Re2 Be4 48. Re1 f5 49. Re2 f4+ 50. Kf2 Kf5 51. Rd2 Bc6 52. Rd8 Ra4 53. Rf8+ Ke6 54. Rg8 e4 55. Rxg4 e3+ 56. Ke2 Bb5+ 57. Kf3 Bc6+ 58. Ke2 Kf5 59. Rg7 Bb5+ 60. Kf3 Bc6+ 61. Ke2 Ra1 62. Rf7+ Kg5 63. Rg7+ Kf5 64. Rf7+ Kg5 65. Rg7+ Kh6 66. Rg4 Bb5+ 67. Kf3 Rf1+ 68. Ke4 Bc6+ 69. Ke5 e2 70. Rxf4 Bxg2 71. Rg4 e1Q+ 72. Bxe1 Rxe1+ 73. Kd6 Re2 74. b4 Rc2 75. b5 Bf1 76. Rb4 Ra2 77. Kc7 Rxa5 1/2-1/2

[Event "NED-ch U16"]
[Site "Rotterdam"]
[Date "2016.04.29"]
[Round "1"]
[White "Bhattacharjee, Sourav"]
[Black "Wagenvoorde, Guido"]
[Result "1/2-1/2"]
[WhiteElo "2140"]
[BlackElo "1885"]
[PlyCount "60"]
[EventDate "2016.04.29"]
[EventType "swiss"]
[EventRounds "9"]
[EventCountry "NED"]
[SourceTitle "CBM 172 Extra"]
[Source "ChessBase"]
[SourceDate "2016.06.21"]
[SourceVersion "1"]
[SourceVersionDate "2016.06.21"]
[SourceQuality "1"]

1. e4 c5 2. Nf3 e6 3. d3 Nc6 4. g3 g6 5. Bg2 Bg7 6. 0-0 Nge7 7. c3 d6 8. Re1 0-0 9. h4 b6 10. Nbd2 Ba6 11. Nf1 Ne5 12. d4 cxd4 13. cxd4 Nd3 14. Re3 Nxc1 15. Rxc1 Qd7 16. Rec3 Rfc8 17. Ne3 Bb7 18. Qd3 Rxc3 19. bxc3 Qa4 20. Qb1 Rc8 21. Nd2 Ba6 22. Bf3 Bh6 23. Qb3 Qd7 24. Ng4 Bg7 25. Qa3 Bb5 26. e5 d5 27. Qb2 Nf5 28. Bg2 Ba6 29. Nf3 Qb5 30. Qd2 Qd3 1/2-1/2

[Event "Groningen op-A 53rd"]
[Site "Groningen"]
[Date "2015.12.21"]
[Round "1"]
[White "Liu, Yi"]
[Black "Bhattacharjee, Sourav"]
[Result "1-0"]
[WhiteElo "2306"]
[BlackElo "2067"]
[PlyCount "59"]
[EventDate "2015.12.21"]
[EventType "swiss"]
[EventRounds "9"]
[EventCountry "NED"]
[SourceTitle "CBM 170 Extra"]
[Source "ChessBase"]
[SourceDate "2016.02.25"]
[SourceVersion "1"]
[SourceVersionDate "2016.02.25"]
[SourceQuality "1"]

1. d4 Nf6 2. Nf3 c5 3. e3 g6 4. c4 Bg7 5. Nc3 0-0 6. Be2 d6 7. 0-0 Nc6 8. d5 Nb8 9. e4 Nbd7 10. Bf4 Ng4 11. Nd2 Nge5 12. Bg3 g5 13. Re1 Ng6 14. Nf1 Nde5 15. Ne3 f5 16. Nxf5 Bxf5 17. exf5 Rxf5 18. Bg4 Nxg4 19. Qxg4 Qf8 20. Re6 Bxc3 21. bxc3 Qf7 22. Rae1 Rf8 23. h4 Rxf2 24. h5 Rf1+ 25. Kh2 Ne5 26. Qxg5+ Qg7 27. Qxg7+ Kxg7 28. Bxe5+ dxe5 29. Rxe7+ R8f7 30. R1xe5 1-0

[Event "Dieren op"]
[Site "Dieren"]
[Date "2015.07.22"]
[Round "2"]
[White "Bhattacharjee, Sourav"]
[Black "Lecomte, Robin"]
[Result "0-1"]
[WhiteElo "2119"]
[BlackElo "2331"]
[PlyCount "60"]
[EventDate "2015.07.21"]
[EventType "swiss"]
[EventRounds "9"]
[EventCountry "NED"]
[SourceTitle "CBM 167 Extra"]
[Source "ChessBase"]
[SourceDate "2015.09.14"]
[SourceVersion "1"]
[SourceVersionDate "2015.09.14"]
[SourceQuality "1"]

1. d4 d5 2. c4 c6 3. Nc3 dxc4 4. a4 e5 5. dxe5 Qxd1+ 6. Kxd1 Be6 7. Nf3 Nd7 8. Bf4 0-0-0 9. Ke1 Bb4 10. Nd4 Nc5 11. Nxe6 Nxe6 12. Be3 Ne7 13. Rc1 Kb8 14. f3 Nf5 15. Bf2 Nfd4 16. Bxd4 Nxd4 17. e3 Nb3 18. Rc2 b5 19. Kf2 Bxc3 20. bxc3 Rd5 21. f4 Rhd8 22. Be2 Rd2 23. Rxd2 Rxd2 24. axb5 cxb5 25. Rd1 a5 26. f5 Kc7 27. f6 gxf6 28. exf6 a4 29. Ke1 Rxd1+ 30. Kxd1 a3 0-1

[Event "Maastricht Limburg op-A 9th"]
[Site "Maastricht"]
[Date "2015.05.23"]
[Round "3"]
[White "Bhattacharjee, Sourav"]
[Black "Wecker, Martin"]
[Result "1-0"]
[WhiteElo "2042"]
[BlackElo "2122"]
[PlyCount "131"]
[EventDate "2015.05.22"]
[EventType "swiss"]
[EventRounds "7"]
[EventCountry "NED"]
[SourceTitle "CBM 166 Extra"]
[Source "ChessBase"]
[SourceDate "2015.06.18"]
[SourceVersion "1"]
[SourceVersionDate "2015.06.18"]
[SourceQuality "1"]

1. e4 c5 2. Nf3 e6 3. d3 Nc6 4. g3 b5 5. Bg2 Bb7 6. 0-0 d6 7. c3 Nf6 8. Re1 Qc7 9. Bf4 e5 10. Bg5 Be7 11. Na3 a6 12. Nc2 Nd7 13. Ne3 Qd8 14. Bxe7 Nxe7 15. Nh4 Nf6 16. Qe2 0-0 17. f4 Qc7 18. f5 Rfe8 19. g4 Nd7 20. g5 f6 21. Qh5 fxg5 22. Qxg5 Nf6 23. Ng4 Rf8 24. Re3 Nc6 25. Rh3 Nxg4 26. Qxg4 Rf6 27. Kh1 Qf7 28. Nf3 h6 29. Nh4 Ne7 30. Bf3 Kh7 31. Rg1 Rg8 32. Qg5 Rf8 33. Qg2 Rg8 34. Qd2 d5 35. Qe2 dxe4 36. dxe4 Qxa2 37. Bh5 Qc4 38. Qxc4 bxc4 39. Rhg3 Bxe4+ 40. Bf3 Bxf3+ 41. Rxf3 Rd8 42. Rfg3 Rf7 43. Rg4 Rd2 44. Ng6 Nc6 45. f6 Rxf6 46. Nxe5 g5 47. Nxc4 Re2 48. R4g2 Rff2 49. Rxf2 Rxf2 50. Re1 Kg6 51. Re6+ Rf6 52. Rxc6 Rxc6 53. Ne5+ Kf5 54. Nxc6 Ke4 55. b4 cxb4 56. cxb4 Kd5 57. Nb8 Kc4 58. Nxa6 Kb5 59. Nb8 Kxb4 60. Nc6+ Kc5 61. Nd8 g4 62. Kg2 Kd5 63. Kg3 h5 64. Kf4 Kd4 65. Ne6+ Kd3 66. Ng7 1-0

[Event "Maastricht Limburg op-A 9th"]
[Site "Maastricht"]
[Date "2015.05.22"]
[Round "1"]
[White "Bhattacharjee, Sourav"]
[Black "Van Meegen, Ruud"]
[Result "1-0"]
[WhiteElo "2042"]
[BlackElo "2151"]
[PlyCount "103"]
[EventDate "2015.05.22"]
[EventType "swiss"]
[EventRounds "7"]
[EventCountry "NED"]
[SourceTitle "CBM 166 Extra"]
[Source "ChessBase"]
[SourceDate "2015.06.18"]
[SourceVersion "1"]
[SourceVersionDate "2015.06.18"]
[SourceQuality "1"]

1. c4 c5 2. Nc3 g6 3. Nf3 Bg7 4. g3 Nc6 5. Bg2 b6 6. 0-0 Bb7 7. b3 Nf6 8. Bb2 0-0 9. e3 d5 10. Nxd5 Nxd5 11. Bxg7 Kxg7 12. cxd5 Qxd5 13. d4 Rad8 14. Nd2 Qd7 15. d5 Ne5 16. e4 f5 17. f3 fxe4 18. fxe4 Ba6 19. Rxf8 Rxf8 20. Qc2 Qd6 21. Qc3 Kg8 22. Nc4 Bxc4 23. bxc4 Ng4 24. Rf1 Rxf1+ 25. Bxf1 Qe5 26. Qxe5 Nxe5 27. Kf2 Kf7 28. Ke3 Kf6 29. h4 h6 30. Be2 g5 31. Bf1 Ng4+ 32. Kd3 Ke5 33. hxg5 hxg5 34. Bg2 Nf6 35. Ke3 Ng4+ 36. Kf3 Nh6 37. Bf1 Kd4 38. Be2 a6 39. Bf1 Ke5 40. Bh3 Kf6 41. Bc8 a5 42. Be6 Ke5 43. Ke3 Kf6 44. Ke2 Ke5 45. Kd3 Kf6 46. Kc3 Nf7 47. Bxf7 Kxf7 48. e5 Kg6 49. g4 Kf7 50. Kb3 e6 51. d6 Ke8 52. Ka4 1-0

[Event "NED-ch U17"]
[Site "Rotterdam"]
[Date "2015.05.09"]
[Round "9"]
[White "Den Hartog, Marijn"]
[Black "Bhattacharjee, Sourav"]
[Result "1-0"]
[WhiteElo "1986"]
[BlackElo "2042"]
[PlyCount "155"]
[EventDate "2015.05.02"]
[EventType "swiss"]
[EventRounds "9"]
[EventCountry "NED"]
[SourceTitle "EXT 2016"]
[Source "ChessBase"]
[SourceDate "2015.10.08"]
[SourceVersion "1"]
[SourceVersionDate "2015.10.08"]
[SourceQuality "1"]

1. e4 e5 2. Nf3 Nc6 3. Bb5 a6 4. Ba4 Nf6 5. 0-0 Be7 6. d3 b5 7. Bb3 d6 8. c3 Na5 9. Bc2 c5 10. Re1 Nc6 11. d4 cxd4 12. cxd4 exd4 13. Nxd4 Nxd4 14. Qxd4 Be6 15. Nc3 0-0 16. Bf4 Qc7 17. Rac1 Qc5 18. Qd2 Rfe8 19. Bb1 Qb6 20. Be3 Qb7 21. Bd4 Rac8 22. Qe3 b4 23. Ne2 Rxc1 24. Rxc1 Rc8 25. Rd1 Qc6 26. Nf4 Ng4 27. Qd2 a5 28. b3 Nf6 29. Qd3 g6 30. h3 a4 31. Nxe6 fxe6 32. bxa4 e5 33. Be3 Qxa4 34. Rc1 Rxc1+ 35. Bxc1 Qc6 36. Bb2 Bd8 37. Qb3+ d5 38. exd5 Qxd5 39. Bxe5 Qxb3 40. axb3 Kf7 41. Bd6 Be7 42. Bxe7 Kxe7 43. Kf1 Kd6 44. Ke2 Kd5 45. Ke3 g5 46. Bd3 h6 47. Bb5 Ke5 48. Bc6 Kd6 49. Bf3 Kc5 50. Ba8 h5 51. Be4 h4 52. Bf3 Ne8 53. Ke4 Nd6+ 54. Ke5 Nb5 55. Kf6 Kd4 56. Kxg5 Kc3 57. Bd5 Nd4 58. f4 Nxb3 59. Bxb3 Kxb3 60. f5 Kc3 61. f6 b3 62. f7 b2 63. f8Q b1Q 64. Qc5+ Kd2 65. Qf2+ Kc3 66. Kxh4 Qh7+ 67. Kg3 Qg7+ 68. Kh2 Kc4 69. Qf4+ Kd5 70. h4 Kc6 71. h5 Kb7 72. g4 Qb2+ 73. Kg3 Qa1 74. Qe3 Qa5 75. h6 Qc7+ 76. Kh3 Qc6 77. Kg3 Qd6+ 78. Qf4 1-0

[Event "Groningen op 52nd"]
[Site "Groningen"]
[Date "2014.12.30"]
[Round "9"]
[White "Acikel, Mert"]
[Black "Bhattacharjee, Sourav"]
[Result "0-1"]
[WhiteElo "1917"]
[BlackElo "2029"]
[PlyCount "58"]
[EventDate "2014.12.21"]
[EventType "swiss"]
[EventRounds "9"]
[EventCountry "NED"]
[SourceTitle "EXT 2016"]
[Source "ChessBase"]
[SourceDate "2015.10.08"]
[SourceVersion "1"]
[SourceVersionDate "2015.10.08"]
[SourceQuality "1"]

1. e4 c5 2. Nf3 d6 3. d4 cxd4 4. Nxd4 Nf6 5. Nc3 a6 6. Be3 e5 7. Nb3 Be6 8. Qd2 Be7 9. f3 Nbd7 10. 0-0-0 0-0 11. g4 b5 12. h4 Nb6 13. Qh2 b4 14. Nb1 a5 15. g5 Nh5 16. f4 exf4 17. Bxf4 Nxf4 18. Qxf4 a4 19. Nd4 Bxa2 20. Nc6 Qc7 21. Nxb4 Bxb1 22. Kxb1 a3 23. Rd3 axb2 24. Kxb2 Nc4+ 25. Kb1 Qa5 26. c3 Qa1+ 27. Kc2 Qb2+ 28. Kd1 Ra1+ 29. Qc1 Rxc1# 0-1

[Event "Groningen op 52nd"]
[Site "Groningen"]
[Date "2014.12.22"]
[Round "2"]
[White "Vos, Tjark"]
[Black "Bhattacharjee, Sourav"]
[Result "1-0"]
[WhiteElo "2173"]
[BlackElo "2029"]
[PlyCount "99"]
[EventDate "2014.12.21"]
[EventType "swiss"]
[EventRounds "9"]
[EventCountry "NED"]
[SourceTitle "CBM 164 Extra"]
[Source "ChessBase"]
[SourceDate "2015.03.02"]
[SourceVersion "1"]
[SourceVersionDate "2015.03.02"]
[SourceQuality "1"]

1. e4 e5 2. Nf3 Nc6 3. Bb5 a6 4. Ba4 Nf6 5. 0-0 Be7 6. Re1 b5 7. Bb3 0-0 8. c3 d6 9. h3 Bb7 10. d4 Re8 11. Nbd2 Bf8 12. d5 Na5 13. Bc2 c6 14. b4 Nc4 15. Nxc4 bxc4 16. Ba4 Qc7 17. Bg5 Nd7 18. dxc6 Bxc6 19. Bxc6 Qxc6 20. Nd2 h6 21. Bh4 Be7 22. Bxe7 Rxe7 23. Nf1 Nf6 24. Ne3 g6 25. Qf3 Kg7 26. Rad1 Rb7 27. Nd5 Nxd5 28. Rxd5 Rb5 29. Red1 Rd8 30. R1d2 Rxd5 31. Rxd5 Rb8 32. Qd1 Rd8 33. f3 f5 34. exf5 gxf5 35. f4 Qb6+ 36. Kh2 Re8 37. Rxd6 Qe3 38. Qh5 Qxf4+ 39. Kg1 Qc1+ 40. Rd1 Qe3+ 41. Kh1 Re7 42. Qxf5 Rf7 43. Qg4+ Qg5 44. Qxc4 Qf6 45. Qe2 Rc7 46. c4 Qf4 47. c5 Kh7 48. a3 a5 49. Qc2+ Kg7 50. b5 1-0

[Event "Groningen op 52nd"]
[Site "Groningen"]
[Date "2014.12.21"]
[Round "1"]
[White "Bhattacharjee, Sourav"]
[Black "Dijkhuis, Tycho"]
[Result "0-1"]
[WhiteElo "2029"]
[BlackElo "2317"]
[PlyCount "76"]
[EventDate "2014.12.21"]
[EventType "swiss"]
[EventRounds "9"]
[EventCountry "NED"]
[SourceTitle "CBM 164 Extra"]
[Source "ChessBase"]
[SourceDate "2015.03.02"]
[SourceVersion "1"]
[SourceVersionDate "2015.03.02"]
[SourceQuality "1"]

1. e4 c5 2. Nf3 Nc6 3. d3 g6 4. g3 Bg7 5. Bg2 Nf6 6. 0-0 d5 7. Nbd2 0-0 8. Re1 b6 9. c3 Bb7 10. Qe2 e5 11. h4 Qd7 12. exd5 Nxd5 13. Nc4 Rad8 14. h5 Rfe8 15. hxg6 hxg6 16. Be3 Nf4 17. Bxf4 exf4 18. Qd2 b5 19. Rxe8+ Rxe8 20. Na3 b4 21. Nc4 bxc3 22. bxc3 fxg3 23. fxg3 Nb4 24. Rd1 Qg4 25. Kf2 Nd5 26. d4 cxd4 27. cxd4 Nf6 28. Nfe5 Ne4+ 29. Bxe4 Qxe4 30. Rg1 Re6 31. Qe3 Qd5 32. Qc3 f6 33. Nxg6 f5 34. Nge5 Rh6 35. Kf1 Ba6 36. Ke1 Rh2 37. Qe3 Bxc4 38. Qa3 Qe4+ 0-1

[Event "Maastricht Limburg op-B 8th"]
[Site "Maastricht"]
[Date "2014.06.09"]
[Round "6"]
[White "Bhattacharjee, Sourav"]
[Black "Fadavian, Marius"]
[Result "1-0"]
[WhiteElo "1934"]
[BlackElo "2040"]
[PlyCount "85"]
[EventDate "2014.06.06"]
[EventType "swiss"]
[EventRounds "7"]
[EventCountry "NED"]
[SourceTitle "EXT 2015"]
[Source "ChessBase"]
[SourceDate "2014.11.20"]
[SourceVersion "1"]
[SourceVersionDate "2014.11.20"]
[SourceQuality "1"]

1. e4 e6 2. d3 b6 3. Nf3 Bb7 4. g3 Nf6 5. Bg2 c5 6. Nbd2 Nc6 7. 0-0 Be7 8. Qe2 0-0 9. Re1 Rc8 10. c3 d6 11. h4 Ba6 12. Nf1 Ne5 13. c4 Re8 14. Bf4 Nfd7 15. Nxe5 Nxe5 16. Be3 Bf6 17. Nd2 b5 18. Rad1 Qb6 19. b3 Qa5 20. f4 Nc6 21. Nf3 d5 22. e5 Be7 23. cxd5 exd5 24. Bh3 Rcd8 25. d4 c4 26. f5 f6 27. Ng5 fxe5 28. Qh5 Bxg5 29. hxg5 Ne7 30. g6 Qc7 31. Qxh7+ Kf8 32. f6 Ng8 33. fxg7+ Ke7 34. Bg5+ Kd6 35. dxe5+ Kc6 36. Bxd8 Rxd8 37. Bg2 Ne7 38. g8Q Qb6+ 39. Kh1 Rxg8 40. Bxd5+ Nxd5 41. Qxg8 Bb7 42. Qe6+ Kc5 43. Qxb6+ 1-0

[Event "NED-ch U15"]
[Site "Rotterdam"]
[Date "2014.05.02"]
[Round "7"]
[White "Bhattacharjee, Sourav"]
[Black "De Boer, Eelke"]
[Result "1-0"]
[WhiteElo "1924"]
[BlackElo "1787"]
[PlyCount "35"]
[EventDate "2014.04.26"]
[EventType "swiss"]
[EventRounds "9"]
[EventCountry "NED"]
[SourceTitle "EXT 2016"]
[Source "ChessBase"]
[SourceDate "2015.10.08"]
[SourceVersion "1"]
[SourceVersionDate "2015.10.08"]
[SourceQuality "1"]

1. e4 e5 2. Nf3 Nc6 3. Bc4 Bc5 4. d3 Nf6 5. c3 0-0 6. 0-0 d5 7. exd5 Nxd5 8. Nbd2 f5 9. Qb3 Be6 10. Ng5 Qxg5 11. Bxd5 Bf7 12. Bxf7+ Rxf7 13. Qxb7 Rd8 14. Qxc6 Bb6 15. Nf3 Qe7 16. Bg5 Rd6 17. Bxe7 Rxc6 18. Nxe5 1-0

[Event "NED-ch U15"]
[Site "Rotterdam"]
[Date "2014.04.30"]
[Round "5"]
[White "Bhattacharjee, Sourav"]
[Black "Van Randtwijk, Mick"]
[Result "1-0"]
[WhiteElo "1924"]
[BlackElo "1669"]
[PlyCount "75"]
[EventDate "2014.04.26"]
[EventType "swiss"]
[EventRounds "9"]
[EventCountry "NED"]
[SourceTitle "EXT 2016"]
[Source "ChessBase"]
[SourceDate "2015.10.08"]
[SourceVersion "1"]
[SourceVersionDate "2015.10.08"]
[SourceQuality "1"]

1. e4 c5 2. Nf3 Nc6 3. d4 cxd4 4. Nxd4 g6 5. Nc3 Bg7 6. Be3 Nf6 7. Bc4 0-0 8. Bb3 d6 9. f3 Bd7 10. Qd2 Rc8 11. 0-0-0 Ne5 12. h4 h5 13. Bg5 Rc5 14. Rhe1 Re8 15. Kb1 Qa5 16. Nd5 Qxd2 17. Rxd2 Nxd5 18. exd5 Nc4 19. Bxc4 Rxc4 20. Nb3 f6 21. Be3 Rxh4 22. Bxa7 Kf7 23. Bf2 Rh2 24. Bg3 Bh6 25. Bxh2 Bxd2 26. Nxd2 g5 27. c4 g4 28. Kc2 Rg8 29. fxg4 hxg4 30. Bg3 f5 31. Kd3 e5 32. dxe6+ Bxe6 33. Kd4 Rd8 34. a3 b6 35. b4 Ra8 36. Ra1 Rd8 37. a4 Ke7 38. Bh4+ 1-0

[Event "NED-ch U15"]
[Site "Rotterdam"]
[Date "2014.04.28"]
[Round "3"]
[White "Bhattacharjee, Sourav"]
[Black "Bekedam, Tyro"]
[Result "0-1"]
[WhiteElo "1924"]
[BlackElo "1821"]
[PlyCount "70"]
[EventDate "2014.04.26"]
[EventType "swiss"]
[EventRounds "9"]
[EventCountry "NED"]
[SourceTitle "EXT 2016"]
[Source "ChessBase"]
[SourceDate "2015.10.08"]
[SourceVersion "1"]
[SourceVersionDate "2015.10.08"]
[SourceQuality "1"]

1. e4 c6 2. d4 d5 3. Nd2 dxe4 4. Nxe4 Bf5 5. Ng3 Bg6 6. h4 h6 7. h5 Bh7 8. Nf3 Nd7 9. Bd3 Bxd3 10. Qxd3 e6 11. Bd2 Ngf6 12. 0-0-0 Be7 13. Qe2 Qc7 14. Kb1 0-0 15. Nf1 c5 16. g4 cxd4 17. g5 Rac8 18. Nxd4 e5 19. gxf6 Bxf6 20. Nb5 Qxc2+ 21. Ka1 e4 22. Nc3 Rxc3 23. bxc3 Bxc3+ 24. Bxc3 Qxe2 25. Ng3 Qxf2 26. Nxe4 Qf5 27. Rhg1 f6 28. Nd6 Qxh5 29. Nxb7 Qf3 30. Rxd7 Qxc3+ 31. Kb1 Rf7 32. Rd8+ Kh7 33. Nd6 Qd3+ 34. Kb2 Qd4+ 35. Kb3 Qb6+ 0-1